Electrical Technology (Record no. 4957)

MARC details
000 -LEADER
fixed length control field 00401nam a22001697a 4500
005 - DATE AND TIME OF LATEST TRANSACTION
control field 20160630151307.0
008 - FIXED-LENGTH DATA ELEMENTS--GENERAL INFORMATION
fixed length control field 160630b xxu||||| |||| 00| 0 eng d
020 ## - INTERNATIONAL STANDARD BOOK NUMBER
ISBN 978-81-85719-14
041 ## - LANGUAGE CODE
Language code of text/sound track or separate title eng
082 ## - DEWEY DECIMAL CLASSIFICATION NUMBER
Item number 19964
100 ## - MAIN ENTRY--AUTHOR NAME
Personal name Gupta J B
245 ## - TITLE STATEMENT
Title Electrical Technology
260 ## - PUBLICATION, DISTRIBUTION, ETC. (IMPRINT)
Name of publisher S.K. Kataria & Sons
Year of publication 2015
300 ## - PHYSICAL DESCRIPTION
Number of Pages 737
650 ## - SUBJECT ADDED ENTRY--TOPICAL TERM
Topical Term Diploma Engineering
942 ## - ADDED ENTRY ELEMENTS (KOHA)
Koha item type Books
Holdings
Lost status Damaged status Home library Current library Shelving location Date acquired Cost, normal purchase price Full call number Accession Number Koha item type Collection code
    JRU Library   SHELF-38-M 30/06/2016 495.00 19964 19964 Books  
    JRU Library   SHELF-38-M 30/06/2016 495.00 19964 19965 Books  
    JRU Library   SHELF-38-M 30/06/2016 495.00 19964 19966 Books  
    JRU Library JRU Library SHELF -72- G 30/06/2016 495.00   19967 Books Reference
    JRU Library   SHELF-38-M 30/06/2016 495.00 19964 19968 Books  
    JRU Library   SHELF-38-M 30/06/2016 495.00 19964 19969 Books  
    JRU Library   SHELF-38-M 30/06/2016 495.00 19964 19970 Books  
Missing   JRU Library   SHELF-38-M 30/06/2016 495.00 19964 19971 Books  
    JRU Library   SHELF-38-M 30/06/2016 495.00 19964 19972 Books  
    JRU Library   SHELF-38-M 30/06/2016 495.00 19964 19973 Books  
    JRU Library   SHELF-38-M 30/06/2016 495.00 19964 19974 Books  
    JRU Library   SHELF-38-M 30/06/2016 495.00 19964 19975 Books  
    JRU Library   SHELF-38-M 30/06/2016 495.00 19964 19976 Books  
    JRU Library   SHELF-38-M 30/06/2016 495.00 19964 19977 Books  
    JRU Library   SHELF-38-M 30/06/2016 495.00 19964 19978 Books